| 000 | 00645nam a22001937a 4500 | ||
|---|---|---|---|
| 003 | OSt | ||
| 005 | 20240806160219.0 | ||
| 008 | 240806b |||||||| |||| 00| 0 eng d | ||
| 020 | _a9966949992 | ||
| 040 | _cChuka University Library | ||
| 050 |
_aLB 2826.6 _b.K4F56 No.552006 |
||
| 100 |
_aOnsomu N.Eldah, Muthaka David,Ngware Moses,Kosimbei George _917375 |
||
| 245 | _aFinancing of secondary Education in Kenya:Costs and Option | ||
| 260 |
_aNairobi- Kenya _bKIPPRA _c2004 |
||
| 300 | _a57p | ||
| 600 |
_aOnsomu N Eldah,Muthaka David,Ngware Moses and Kosimbei George _917376 |
||
| 650 |
_aEducation Secondary--- _910076 |
||
| 942 |
_2lcc _cBK _n0 |
||
| 999 |
_c18165 _d18165 |
||